Countries with the Most HIV - Statistics

General Stats
  • This quiz has been taken 44,481 times
    31,485 since last reset
  • The average score is 14 of 20
Answer Stats
# Country % Correct
1.20 m United States
93%
7.10 m South Africa
88%
0.780 m China
86%
3.20 m Nigeria
86%
0.370 m D.R. Congo
84%
2.10 m India
83%
0.830 m Brazil
78%
1.60 m Kenya
77%
0.980 m Russia
75%
0.710 m Ethiopia
73%
1.40 m Tanzania
69%
1.30 m Zimbabwe
68%
0.620 m Indonesia
65%
1.40 m Uganda
65%
1.20 m Zambia
64%
1.80 m Mozambique
63%
0.560 m Cameroon
53%
0.450 m Thailand
49%
1.00 m Malawi
47%
0.460 m Ivory Coast
38%
No matching quizzes found
Score Distribution
Percent of People with Each Score
Percentile by Number Answered
Your Score History
You have not taken this quiz since the last reset